| 000 | 00384nam a2200133Ia 4500 | ||
|---|---|---|---|
| 008 | 250506s9999 xx 000 0 und d | ||
| 024 | _a98A-052-CS & 98A-027-CS | ||
| 082 | _a004.6072 ABI | ||
| 100 | _aSyed Abid Hussain & Syed Asif Ismail | ||
| 245 | 0 | _aDot NET | |
| 260 |
_aKarachi: _bUIT, _c1998 |
||
| 600 | _aComputer System Engineering | ||
| 650 | _aBachelor of Engineering (BE) | ||
| 999 |
_c27828 _d27828 |
||